| 000 | 01019nam a2200241 a 4500 | ||
|---|---|---|---|
| 001 | 39848 | ||
| 003 | BD-RjUL | ||
| 005 | 20211209053055.0 | ||
| 008 | 160419s1947 ii |||| |||| 00| 0 ben d | ||
| 020 | _c: IRs. 4.00 | ||
| 035 | _a(BD-RjUL)39962 | ||
| 040 |
_aBD-RjUL _bben _cBD-RjUL |
||
| 041 | _aben | ||
| 082 |
_223 _a792.095414 _bBAB 1947 |
||
| 100 |
_aবন্দোপাধ্যায়, ব্রজেন্দ্রনাথ _9122762 |
||
| 245 | 1 | 0 |
_aবঙ্গীয় নাট্যশালার ইতিহাস ১৭৯৫-১৮৭৬ / _cব্রজেন্দ্রনাথ, বন্দোপাধ্যায় |
| 250 | _a3 ed. | ||
| 260 |
_aকলিকাতা : _bবঙ্গীয়-সাহিত্য-পরিষদ- মন্দির, _c১৯৪৭ |
||
| 300 |
_a২৩৬ পৃ. ; _c২৫ সেমি. |
||
| 650 |
_aTheater _xHistory _zIndia _zWest Bengal _9122763 |
||
| 650 |
_aBengali drama _xHistory and criticism _zIndia _zWest Bengal _9122764 |
||
| 942 |
_2ddc _cBK |
||
| 999 |
_c39848 _d39848 |
||